| 000 -LEADER |
| fixed length control field |
02203cam a2200373 i 4500 |
| 001 - CONTROL NUMBER |
| control field |
17588439 |
| 005 - DATE AND TIME OF LATEST TRANSACTION |
| control field |
20221228094658.0 |
| 008 - FIXED-LENGTH DATA ELEMENTS--GENERAL INFORMATION |
| fixed length control field |
130111s2013 nyuabf b 001 0 eng |
| 010 ## - LIBRARY OF CONGRESS CONTROL NUMBER |
| LC control number |
2012051769 |
| 020 ## - INTERNATIONAL STANDARD BOOK NUMBER |
| International Standard Book Number |
9781568586717 (hbk.) |
| 040 ## - CATALOGING SOURCE |
| Original cataloging agency |
DLC |
| Language of cataloging |
eng |
| Transcribing agency |
DLC |
| Description conventions |
rda |
| Modifying agency |
DLC |
| 042 ## - AUTHENTICATION CODE |
| Authentication code |
pcc |
| 043 ## - GEOGRAPHIC AREA CODE |
| Geographic area code |
n-us--- |
| 050 00 - LIBRARY OF CONGRESS CALL NUMBER |
| Classification number |
E897 |
| Item number |
.S33 2013 |
| 082 00 - DEWEY DECIMAL CLASSIFICATION NUMBER |
| Classification number |
355.00973,SCA |
| Edition number |
23 |
| 100 1# - MAIN ENTRY--PERSONAL NAME |
| Personal name |
Scahill, Jeremy. |
| 9 (RLIN) |
13158 |
| 245 10 - TITLE STATEMENT |
| Title |
Dirty wars : |
| Remainder of title |
the world is a battlefield / |
| Statement of responsibility, etc. |
Jeremy Scahill. |
| 264 #1 - PRODUCTION, PUBLICATION, DISTRIBUTION, MANUFACTURE, AND COPYRIGHT NOTICE |
| Place of production, publication, distribution, manufacture |
New York : |
| Name of producer, publisher, distributor, manufacturer |
Nation Books, |
| Date of production, publication, distribution, manufacture, or copyright notice |
[2013] |
| 300 ## - PHYSICAL DESCRIPTION |
| Extent |
xxiv, 642 pages, 8 pages of plates : |
| Other physical details |
color illustrations, maps ; |
| Dimensions |
25 cm |
| 336 ## - CONTENT TYPE |
| Content type term |
text |
| Source |
rdacontent |
| 337 ## - MEDIA TYPE |
| Media type term |
unmediated |
| Source |
rdamedia |
| 338 ## - CARRIER TYPE |
| Carrier type term |
volume |
| Source |
rdacarrier |
| 505 0# - FORMATTED CONTENTS NOTE |
| Formatted contents note |
Prologue (Page-1), Washington, DC 2001-2002 (Page-3), The United States and Yemen, 1971-2002 (Page-31), Washington, 1979-2001 (Page-48), Yemen, 1970-2001; Washington, DC, 2001 (Page-61), The United Kingdom, the United States and Yemen, 2002-2003 (Page-67), Washington, DC, Yemen and Djibouti, 2002 (Page-75), Washington, DC, 2002 (Page-81), Washington, DC, 2002-2003 (Page-85), The United States, 1974-2003, Iraq 2003 (Page-102), Somalia, 1993-2004 (Page-118), Yemen, 2003-2006 (Page-130), United Kingdom, 2003 (Page-134), Iraq, 2003-2005 (Page-138), Washington, DC and Yemen 2011 (Page-507). |
| 650 #0 - SUBJECT ADDED ENTRY--TOPICAL TERM |
| Topical term or geographic name entry element |
Special operations (Military science) |
| Geographic subdivision |
United States |
| General subdivision |
History |
| Chronological subdivision |
21st century. |
| 9 (RLIN) |
106157 |
| 650 #0 - SUBJECT ADDED ENTRY--TOPICAL TERM |
| Topical term or geographic name entry element |
Terrorism |
| General subdivision |
Prevention |
| Geographic subdivision |
United States |
| General subdivision |
Government policy |
| -- |
History |
| Chronological subdivision |
21st century. |
| 9 (RLIN) |
106158 |
| 650 #0 - SUBJECT ADDED ENTRY--TOPICAL TERM |
| Topical term or geographic name entry element |
Targeted killing |
| Geographic subdivision |
United States |
| General subdivision |
History |
| Chronological subdivision |
21st century. |
| 9 (RLIN) |
106159 |
| 650 #0 - SUBJECT ADDED ENTRY--TOPICAL TERM |
| Topical term or geographic name entry element |
Intelligence service |
| Geographic subdivision |
United States |
| General subdivision |
History |
| Chronological subdivision |
21st century. |
| 9 (RLIN) |
106160 |
| 651 #0 - SUBJECT ADDED ENTRY--GEOGRAPHIC NAME |
| Geographic name |
United States |
| General subdivision |
History, Military |
| Chronological subdivision |
21st century. |
| 9 (RLIN) |
106161 |
| 651 #0 - SUBJECT ADDED ENTRY--GEOGRAPHIC NAME |
| Geographic name |
United States |
| General subdivision |
Military policy. |
| 651 #0 - SUBJECT ADDED ENTRY--GEOGRAPHIC NAME |
| Geographic name |
United States |
| General subdivision |
Military policy |
| -- |
Moral and ethical aspects. |
| 9 (RLIN) |
106162 |
| 906 ## - LOCAL DATA ELEMENT F, LDF (RLIN) |
| a |
7 |
| b |
cbc |
| c |
orignew |
| d |
1 |
| e |
ecip |
| f |
20 |
| g |
y-gencatlg |
| 942 ## - ADDED ENTRY ELEMENTS (KOHA) |
| Source of classification or shelving scheme |
|
| Koha item type |
Book |
| Call number prefix |
355.00973,SCA |